00538nam a2200205 a 450000100060000000300080000600500170001400800410003103500190007204000220009104100080011308200220012110000220014324500480016526000370021330000210025050000150027165000260028665000200031280648BD-RjUL20221030103011.0221030s1892 enk 000 0 eng d a(BD-RjUL)80648 aHAIbengcBD-RjUL0 aeng 223a823bOUA 18920 aOuida,d1839-190810aAriadne :bthe story of a dream /cby Ouida aLondon :bChatto & Windus,c1892 a360 p. ;c22 cm. aPhotocopy. aEnglish Short stories aEnglish fiction